Probability and random processes with applications to signal processing / (Record no. 657)

000 -LEADER
fixed length control field 00807nam a22002534a 4500
001 - CONTROL NUMBER
control field 657
003 - CONTROL NUMBER IDENTIFIER
control field BD-DhUET
008 - FIXED-LENGTH DATA ELEMENTS--GENERAL INFORMATION
fixed length control field 010209s2002 njua b 001 0 eng
020 ## - INTERNATIONAL STANDARD BOOK NUMBER
International Standard Book Number 9788177583564
040 ## - CATALOGING SOURCE
Original cataloging agency DLC
Transcribing agency DLC
Modifying agency BD-DhUET
082 00 - DEWEY DECIMAL CLASSIFICATION NUMBER
Classification number 519.23
Item number STA/2002
100 1# - MAIN ENTRY--PERSONAL NAME
Personal name Stark, Henry,
245 10 - TITLE STATEMENT
Title Probability and random processes with applications to signal processing /
Statement of responsibility, etc. by Henry Stark, John W. Woods.
250 ## - EDITION STATEMENT
Edition statement 3rd ed.
260 ## - PUBLICATION, DISTRIBUTION, ETC. (IMPRINT)
Place of publication, distribution, etc. New Delhi:
Name of publisher, distributor, etc. Pearson Education;
Date of publication, distribution, etc. 2002.
300 ## - PHYSICAL DESCRIPTION
Extent xv, 689 p. :
Other physical details ill. ;
500 ## - GENERAL NOTE
General note Rev. ed.: Probability, random processes, and estimation theory for engineers. 2nd ed. 1994.
504 ## - BIBLIOGRAPHY, ETC. NOTE
Bibliography, etc Includes bibliographies
650 #0 - SUBJECT ADDED ENTRY--TOPICAL TERM
Topical term or geographic name as entry element Signal processing
650 #0 - SUBJECT ADDED ENTRY--TOPICAL TERM
Topical term or geographic name as entry element Probabilities.
650 #0 - SUBJECT ADDED ENTRY--TOPICAL TERM
Topical term or geographic name as entry element Stochastic processes.
700 1# - ADDED ENTRY--PERSONAL NAME
Personal name Woods, John W.
942 ## - ADDED ENTRY ELEMENTS (KOHA)
Koha item type General Book
Holdings
Price effective from Koha full call number Location (home branch) Withdrawn status Koha date last seen Koha item type Not for loan Koha normalized classification for sorting Lost status Shelving location Date acquired Sublocation or collection (holding branch) Piece designation (barcode) Source of classification or shelving scheme Copy number Damaged status
2014-08-05519.23/STA/2002Central Library, BUET 2014-08-05General Book 519_000000000000000_23STA2002 Circulation section2014-08-05Central Library, BUET111834 1 
2014-08-05519.23/STA/2002Central Library, BUET 2017-03-21General Book 519_000000000000000_23STA2002 Circulation section2014-08-05Central Library, BUET111835 2 
2014-09-23519.23/STA/2002Central Library, BUET 2014-09-23General Book 519_000000000000000_23STA2002 Circulation section2014-09-23Central Library, BUET101501 3